Adivina Las Canciones de Korn (1º Album) - Estadísticas

Estadísticas generales
  • Esta prueba ha sido intentada 17 veces
  • La puntuación promedio es 8 de 12
Estadísticas de respuestas
Hint Respuesta % Correcto
1 Blind
89%
4 Clown
89%
12 Daddy
89%
2 Ball Tongue
78%
11 Helmet in the Bush
67%
3 Need to
67%
7 Shoots and Ladders
67%
5 Divine
56%
6 Faget
56%
10 Lies
56%
8 Predictable
56%
9 Fake
44%
No se encontraron pruebas coincidentes
Distribución de puntuación
Porcentaje de gente con cada puntuación
Porcentaje por número respondido
Historial de tus puntuaciones
No has intentado esta prueba.